[Event "FISU World University-ch 2020"]
[Site "Online"]
[Date "2020.10.26"]
[Round "3.7"]
[White "G______, Y____"]
[Black "Roshka, Yevgeniy"]
[Result "0-1"]
[WhiteElo "2007"]
[BlackElo "2476"]
[Annotator "ChessBase"]
[PlyCount "76"]
[EventDate "2020.10.26"]
[SourceTitle "playchess.com"]
[Source "ChessBase"]
[SourceQuality "1"]

1. d4 g6 2. Nf3 Bg7 3. c4 d6 4. Nc3 Nd7 5. e4 e5 6. Be2 Ne7 7. h3 O-O 8. O-O h6 9. dxe5 dxe5 10. b3 Nc6 11. Ba3 Re8 12. Qd2 Nd4 13. c5 c6 14. Rad1 Nf8 15. Na4 Nfe6 16. Bb2 Qe7 17. Nxd4 Nxd4 18. Bxd4 exd4 19. Bd3 g5 20. e5 Bxe5 21. Rde1 Qf6 22. f4 gxf4 23. Nb2 Bd7 24. Nc4 Bc7 25. b4 Rxe1 26. Qxe1 Re8 27. Qf2 Qg7 28. Nd6 Bxd6 29. cxd6 Re3 30. Bc4 Bxh3 31. Kh2 Be6 32. Qxf4 Qe5 33. Bxe6 Qxe6 34. Qxd4 Re4 35. Qc5 b6 36. Qxc6 Qe5+ 37. Kh3 Qh5+ 38. Kg3 Qh4+ 0-1

[Event "FISU World University-ch 2020"]
[Site "Online"]
[Date "2020.10.26"]
[Round "3.8"]
[White "Agibileg, Uurtsaikh"]
[Black "Walter, Szymon"]
[Result "1-0"]
[WhiteElo "2413"]
[BlackElo "2276"]
[Annotator "NA"]
[PlyCount "105"]
[EventDate "2020.10.26"]
[SourceTitle "playchess.com"]
[Source "ChessBase"]
[SourceQuality "1"]

1. d4 Nf6 2. c4 g6 3. Nc3 Bg7 4. e4 d6 5. Be2 O-O 6. Nf3 Nbd7 7. O-O e5 8. Be3 c6 9. d5 c5 10. Ne1 Ne8 11. g4 f5 12. gxf5 gxf5 13. exf5 Nb6 14. Kh1 Bxf5 15. Rg1 Kh8 16. Bd3 Qd7 17. Rc1 Nf6 18. Bxf5 Qxf5 19. Rg5 Qh3 20. Qe2 Rg8 21. Rg3 Qf5 22. Ng2 e4 23. Nh4 Qh5 24. Qxh5 Nxh5 25. Rg5 Bxc3 26. Rxc3 Rxg5 27. Bxg5 Rf8 28. Rc2 Rf7 29. b3 Nf4 30. Bxf4 Rxf4 31. Ng2 Rf3 32. Ne1 Rf4 33. Ng2 Rf3 34. Re2 Nd7 35. Rxe4 Rxf2 36. Kg1 Rf7 37. Re6 Rf6 38. Ne3 Rg6+ 39. Kf2 Nf8 40. Re7 Rf6+ 41. Kg3 Rg6+ 42. Kf3 Rf6+ 43. Ke2 Rh6 44. Nf1 Rg6 45. Ng3 Rh6 46. Rxb7 Rxh2+ 47. Kf3 h5 48. Ne4 Ng6 49. Nf6 Rh3+ 50. Kg2 Nf4+ 51. Kf2 Nd3+ 52. Kg1 Rg3+ 53. Kh2 1-0

[Event "FISU World University-ch 2020"]
[Site "Online"]
[Date "2020.10.26"]
[Round "3.8"]
[White "Tomaszewski, Kacper"]
[Black "Bilguun, Sumiya"]
[Result "1/2-1/2"]
[WhiteElo "2320"]
[BlackElo "2454"]
[Annotator "ChessBase"]
[PlyCount "65"]
[EventDate "2020.10.26"]
[SourceTitle "playchess.com"]
[Source "ChessBase"]
[SourceQuality "1"]

1. d4 d5 2. c4 e6 3. Nc3 c6 4. Nf3 dxc4 5. e4 b5 6. a4 Bb4 7. Bg5 Ne7 8. Be2 Bb7 9. O-O a6 10. Qc2 h6 11. Bh4 Nd7 12. Rfd1 Nf6 13. Ne5 Rc8 14. Bf3 Bd6 15. Nxf7 Kxf7 16. e5 Nf5 17. Bh5+ Kf8 18. Bxf6 gxf6 19. exd6 Nxd6 20. Re1 Qe7 21. Qe2 b4 22. Ne4 Nxe4 23. Qxe4 c5 24. Qxe6 Qxe6 25. Rxe6 Rh7 26. Rae1 cxd4 27. Re8+ Rxe8 28. Rxe8+ Kg7 29. Re7+ Kh8 30. Re8+ Kg7 31. Re7+ Kh8 32. Re8+ Kg7 33. Re7+ 1/2-1/2

[Event "FISU World University-ch 2020"]
[Site "Online"]
[Date "2020.10.26"]
[Round "3.8"]
[White "Uuriintuya, Uurtsaikh"]
[Black "Cieslak, Wiktoria"]
[Result "1-0"]
[WhiteElo "2288"]
[BlackElo "2010"]
[Annotator "NA"]
[PlyCount "51"]
[EventDate "2020.10.26"]
[SourceTitle "playchess.com"]
[Source "ChessBase"]
[SourceQuality "1"]

1. e4 c5 2. Nf3 d6 3. d4 cxd4 4. Nxd4 Nf6 5. Nc3 a6 6. f4 Nbd7 7. a4 Qc7 8. Bd3 e6 9. O-O Be7 10. Kh1 Nc5 11. a5 Bd7 12. Qe1 e5 13. Nf3 O-O 14. fxe5 dxe5 15. Qg3 Bc6 16. Bh6 Ne8 17. Nxe5 Bd6 18. Rf5 f6 19. Bc4+ Kh8 20. Ng6+ hxg6 21. Qxg6 gxh6 22. Rh5 Bf4 23. Rxh6+ Bxh6 24. Qxh6+ Qh7 25. Qxf8+ Qg8 26. Qxg8# 1-0

[Event "FISU World University-ch 2020"]
[Site "Online"]
[Date "2020.10.26"]
[Round "3.8"]
[White "Dzierzak, Radoslaw"]
[Black "Garidmagnai, Byambasuren"]
[Result "0-1"]
[WhiteElo "2252"]
[BlackElo "2369"]
[Annotator "NA"]
[PlyCount "72"]
[EventDate "2020.10.26"]
[SourceTitle "playchess.com"]
[Source "ChessBase"]
[SourceQuality "1"]

1. d4 Nf6 2. Nf3 g6 3. c4 Bg7 4. Nc3 O-O 5. Bg5 d6 6. e3 b6 7. Be2 Bb7 8. Qc2 Nbd7 9. O-O c5 10. Rad1 Rc8 11. d5 Qc7 12. h3 Qb8 13. Nh2 a6 14. a4 Rce8 15. e4 Qa8 16. f4 e6 17. e5 dxe5 18. fxe5 Nxd5 19. cxd5 exd5 20. Bf3 Rxe5 21. Bf4 Rf5 22. Bd6 Re8 23. Rfe1 Rxe1+ 24. Rxe1 Ne5 25. Bxe5 Rxe5 26. Rxe5 Bxe5 27. Qe2 Qb8 28. Ng4 Bd4+ 29. Kh1 h5 30. Ne3 Bxe3 31. Nxd5 Bxd5 32. Bxd5 Qg3 33. Qf3 Qe1+ 34. Kh2 Bg1+ 35. Kh1 Bf2+ 36. Kh2 Qg1# 0-1

[Event "FISU World University-ch 2020"]
[Site "Online"]
[Date "2020.10.26"]
[Round "3.9"]
[White "Grimm, Daniel"]
[Black "Gomez Sanchez, Jorge Marcos"]
[Result "1/2-1/2"]
[WhiteElo "2286"]
[BlackElo "2352"]
[Annotator "TA"]
[PlyCount "255"]
[EventDate "2020.10.26"]
[SourceTitle "playchess.com"]
[Source "ChessBase"]
[SourceQuality "1"]

1. e4 c5 2. Nf3 Nc6 3. d4 cxd4 4. Nxd4 g6 5. c4 Nf6 6. Nc3 d6 7. Be2 Nxd4 8. Qxd4 Bg7 9. Bg5 O-O 10. Qe3 Qa5 11. O-O Be6 12. Rac1 Rfe8 13. f4 Rac8 14. b3 Qc5 15. Qxc5 Rxc5 16. Bh4 a6 17. a4 Rec8 18. h3 h5 19. Bf2 R5c7 20. Bb6 Rc6 21. Be3 Bh6 22. Bd4 Bg7 23. Be3 Bh6 24. Bd4 Bg7 25. Rcd1 Re8 26. f5 Bd7 27. g4 hxg4 28. hxg4 Nh7 29. Bxg7 Kxg7 30. e5 Rb6 31. Nd5 Rxb3 32. Nxe7 Re3 33. f6+ Kf8 34. Rxd6 Bxa4 35. Bf3 Rxe5 36. Bxb7 Rg5 37. Rf4 Nxf6 38. Nxg6+ Rxg6 39. Rdxf6 Kg8 40. Bd5 Re1+ 41. Kf2 Rxf6 42. Rxf6 Re5 43. Rxa6 Bd7 44. Kf3 Re7 45. Kf4 Be8 46. g5 Kg7 47. c5 Re1 48. c6 Rf1+ 49. Ke5 Re1+ 50. Kd6 Bxc6 51. Rxc6 Rg1 52. Rc7 Rxg5 53. Rxf7+ Kh6 54. Be4 Rg7 55. Rf6+ Kg5 56. Rf1 Ra7 57. Ke5 Re7+ 58. Kd4 Ra7 59. Ke3 Ra3+ 60. Bd3 Ra4 61. Rf5+ Kg4 62. Rf8 Kg5 63. Rf5+ Kg4 64. Rf6 Ra5 65. Rf8 Kg5 66. Rg8+ Kf6 67. Rg6+ Kf7 68. Be4 Ra4 69. Rb6 Ke7 70. Kf4 Ra5 71. Rh6 Rb5 72. Ke3 Ra5 73. Kd4 Rg5 74. Bd5 Rg1 75. Ke5 Rg5+ 76. Kd4 Rg4+ 77. Kc5 Rg1 78. Re6+ Kd7 79. Rf6 Rc1+ 80. Bc4 Re1 81. Bb3 Rc1+ 82. Kd5 Ke7 83. Ra6 Rb1 84. Bc4 Rd1+ 85. Kc5 Re1 86. Rb6 Rc1 87. Rh6 Rd1 88. Bd5 Rc1+ 89. Kd4 Re1 90. Be4 Kd7 91. Kd5 Rd1+ 92. Ke5 Kc7 93. Rc6+ Kd7 94. Ra6 Rc1 95. Rh6 Kc7 96. Rh7+ Kb6 97. Rb7+ Ka6 98. Rb2 Rd1 99. Bd5 Ka5 100. Kd6 Ka6 101. Kc5 Rc1+ 102. Bc4+ Ka7 103. Kd5 Rh1 104. Kd6 Rh6+ 105. Be6 Ka6 106. Rb1 Rg6 107. Kd5 Rh6 108. Bf7 Rb6 109. Ra1+ Kb7 110. Kc5 Rc6+ 111. Kd5 Ra6 112. Rb1+ Kc7 113. Ke5 Rb6 114. Rc1+ Rc6 115. Ra1 Kd7 116. Ra7+ Rc7 117. Be6+ Kd8 118. Ra2 Rb7 119. Bd5 Re7+ 120. Kd6 Rd7+ 121. Ke5 Re7+ 122. Be6 Rb7 123. Rh2 Rg7 124. Kd6 Rd7+ 125. Ke5 Rg7 126. Ra2 Rb7 127. Rh2 Rg7 128. Rc2 1/2-1/2

[Event "FISU World University-ch 2020"]
[Site "Online"]
[Date "2020.10.26"]
[Round "3.9"]
[White "La Villa Rivas, Marlon Javier"]
[Black "Marosi, Levente"]
[Result "0-1"]
[WhiteElo "2233"]
[BlackElo "2251"]
[Annotator "NA"]
[PlyCount "70"]
[EventDate "2020.10.26"]
[SourceTitle "playchess.com"]
[Source "ChessBase"]
[SourceQuality "1"]

1. e4 c6 2. d4 d5 3. e5 Bf5 4. Nc3 e6 5. g4 Bg6 6. Nge2 c5 7. h4 f6 8. Nf4 Bf7 9. exf6 Nxf6 10. g5 cxd4 11. Qxd4 Nc6 12. Qa4 Nd7 13. Bh3 Nc5 14. Qb5 e5 15. Ng2 Bg6 16. O-O Be7 17. f4 Bxc2 18. Ne1 Bg6 19. fxe5 d4 20. Bg2 dxc3 21. Bxc6+ bxc6 22. Qxc6+ Nd7 23. h5 Bxh5 24. Be3 Rc8 25. Qa4 cxb2 26. Rb1 Bxg5 27. Bd4 Bf7 28. e6 Bxe6 29. Rxb2 Bf6 30. Re2 O-O 31. Rxe6 Bxd4+ 32. Qxd4 Qg5+ 33. Ng2 Rxf1+ 34. Kxf1 Rc1+ 35. Ne1 Qf5+ 0-1

[Event "FISU World University-ch 2020"]
[Site "Online"]
[Date "2020.10.26"]
[Round "3.9"]
[White "Juhasz, Barbara"]
[Black "Rodriguez Dominguez, Melissa"]
[Result "1-0"]
[WhiteElo "2211"]
[BlackElo "2103"]
[Annotator "NA"]
[PlyCount "119"]
[EventDate "2020.10.26"]
[SourceTitle "playchess.com"]
[Source "ChessBase"]
[SourceQuality "1"]

1. e4 c5 2. Nf3 e6 3. d4 cxd4 4. Nxd4 Nc6 5. Nc3 Qc7 6. Be3 a6 7. Be2 Nf6 8. O-O Bb4 9. Nxc6 bxc6 10. Qd4 Bxc3 11. Qxc3 O-O 12. Bd3 Ng4 13. g3 Nxe3 14. fxe3 e5 15. Bc4 d6 16. Bd5 Bb7 17. Rad1 Rac8 18. Bb3 Qe7 19. Qb4 Rcd8 20. Rf2 Bc8 21. Qb6 Be6 22. Qxc6 Bxb3 23. axb3 a5 24. Qd5 Qa7 25. Rf3 Qc7 26. Rd2 g6 27. Kg2 Kg7 28. Rff2 Qb6 29. Rd3 Qc7 30. Rc3 Qb6 31. Rf3 f6 32. Rc6 Qb7 33. Rxd6 Rxd6 34. Qxb7+ Rf7 35. Qb8 Rd2+ 36. Rf2 Rd1 37. Qb6 Re1 38. c4 Rd1 39. Qxa5 Rdd7 40. c5 Rc7 41. Qb6 Rb7 42. Qe6 Rbe7 43. Qc4 f5 44. exf5 gxf5 45. b4 h5 46. h4 f4 47. exf4 exf4 48. Qd4+ Kh6 49. Rxf4 Re2+ 50. Kf3 Ree7 51. b5 Rd7 52. Qh8+ Kg6 53. Qg8+ Kh6 54. Rxf7 Rxf7+ 55. Ke4 Rf4+ 56. Ke5 Rf5+ 57. Kd6 Rf6+ 58. Qe6 Rxe6+ 59. Kxe6 Kh7 60. b6 1-0

[Event "FISU World University-ch 2020"]
[Site "Online"]
[Date "2020.10.26"]
[Round "3.9"]
[White "Fernandez Rivero, Karla July"]
[Black "Grimm, Gyorgy"]
[Result "0-1"]
[WhiteElo "2025"]
[BlackElo "2143"]
[Annotator "TA"]
[PlyCount "152"]
[EventDate "2020.10.26"]
[SourceTitle "playchess.com"]
[Source "ChessBase"]
[SourceQuality "1"]

1. d4 d5 2. c4 c6 3. Nf3 Nf6 4. e3 e6 5. b3 Nbd7 6. Bd3 Be7 7. O-O O-O 8. Nbd2 Re8 9. e4 dxe4 10. Nxe4 Nxe4 11. Bxe4 Nf6 12. Bc2 c5 13. Bb2 b6 14. Qd3 cxd4 15. Nxd4 Bb7 16. Qh3 a6 17. Rad1 Qc7 18. Rfe1 Rad8 19. Nxe6 fxe6 20. Qxe6+ Kf8 21. Rxd8 Bxd8 22. Ba3+ Be7 23. Bxe7+ Rxe7 24. Qxe7+ Qxe7 25. Rxe7 Kxe7 26. f3 h6 27. Kf2 Kd6 28. b4 a5 29. a3 axb4 30. axb4 Nd7 31. Ke3 Ne5 32. Bb3 Nc6 33. c5+ bxc5 34. bxc5+ Kxc5 35. Kf4 Kd6 36. Bg8 Ne7 37. Bb3 Bd5 38. Bc2 Be6 39. Be4 Bd5 40. Bc2 Ke6 41. h4 Kf6 42. g4 g5+ 43. hxg5+ hxg5+ 44. Kg3 Ke5 45. Bh7 Nc6 46. Bc2 Nd4 47. Bd1 Bc4 48. Ba4 Be2 49. Bd7 Bxf3 50. Bc8 Bd5 51. Bd7 Ne2+ 52. Kf2 Nf4 53. Kg3 Ke4 54. Bf5+ Ke3 55. Bd7 Ne2+ 56. Kh3 Kf4 57. Bf5 Nd4 58. Bg6 Be6 59. Bh5 Ne2 60. Be8 Bxg4+ 61. Kg2 Bf3+ 62. Kf1 Nc3 63. Bd7 Bg4 64. Bc6 Bf5 65. Kf2 g4 66. Bg2 g3+ 67. Kf1 Bd3+ 68. Kg1 Ne2+ 69. Kf1 Nd4+ 70. Kg1 Be4 71. Bh3 Nf3+ 72. Kf1 Ng5 73. Bg2 Bxg2+ 74. Kxg2 Kg4 75. Kh1 Kh3 76. Kg1 Nf3+ 0-1

[Event "FISU World University-ch 2020"]
[Site "Online"]
[Date "2020.10.26"]
[Round "3.10"]
[White "Pavic, Filip"]
[Black "Dai, Changren"]
[Result "0-1"]
[WhiteElo "2255"]
[BlackElo "2503"]
[Annotator "ChessBase"]
[PlyCount "88"]
[EventDate "2020.10.26"]
[SourceTitle "playchess.com"]
[Source "ChessBase"]
[SourceQuality "1"]

1. e4 e5 2. Nf3 Nc6 3. Bb5 a6 4. Ba4 d6 5. c3 Bd7 6. O-O Nge7 7. d4 Ng6 8. d5 Nb8 9. c4 Be7 10. Nc3 O-O 11. Be3 Bxa4 12. Qxa4 Nd7 13. Qc2 h6 14. b4 Nh4 15. Nxh4 Bxh4 16. c5 Bg5 17. Bxg5 Qxg5 18. Na4 Nf6 19. Rac1 Nh5 20. f3 f5 21. exf5 Rxf5 22. Nc3 Nf6 23. Rce1 Rf4 24. Ne4 Nxe4 25. Rxe4 Raf8 26. Rxf4 Qxf4 27. Qe4 Qd2 28. Rf2 Qc1+ 29. Rf1 Qb2 30. cxd6 cxd6 31. Qc4 b5 32. Qc6 Qxb4 33. Kh1 e4 34. h3 exf3 35. Rxf3 Qe1+ 36. Kh2 Rxf3 37. gxf3 Qf2+ 38. Kh1 Qxf3+ 39. Kh2 Qf2+ 40. Kh1 Qg3 41. Qc8+ Kh7 42. Qe6 Qg6 43. Qe3 Qb1+ 44. Kh2 Qxa2+ 0-1

[Event "FISU World University-ch 2020"]
[Site "Online"]
[Date "2020.10.26"]
[Round "3.10"]
[White "Pavcevic, Bruno"]
[Black "Lin Zhaochen"]
[Result "0-1"]
[WhiteElo "2125"]
[BlackElo "1923"]
[Annotator "TA"]
[PlyCount "106"]
[EventDate "2020.10.26"]
[SourceTitle "playchess.com"]
[Source "ChessBase"]
[SourceQuality "1"]

1. e4 c6 2. d4 d5 3. exd5 cxd5 4. Bd3 Nc6 5. c3 Nf6 6. h3 g6 7. Nf3 Bf5 8. Ne5 Bg7 9. O-O O-O 10. Bxf5 gxf5 11. Bf4 e6 12. Nd2 Nd7 13. Nxc6 bxc6 14. Re1 Kh8 15. Nf3 Bf6 16. Qd2 Rg8 17. Kh1 Rg6 18. a4 a5 19. b4 Nb6 20. Ne5 Bxe5 21. Bxe5+ Kg8 22. Qf4 Nc4 23. b5 Nxe5 24. Qxe5 cxb5 25. axb5 Qb6 26. Reb1 Rc8 27. Ra3 Rc4 28. Qe2 Kf8 29. Qa2 Kg7 30. Rxa5 Rxc3 31. Qa1 Rc8 32. Ra6 Qd8 33. b6 Qg5 34. Rg1 Rb8 35. Qb2 Kh6 36. b7 Rgg8 37. Rc6 Qe7 38. Qc1+ Kg7 39. Rc7 Qf6 40. Rc8 Qe7 41. Rxg8+ Kxg8 42. Qc8+ Qd8 43. Rc1 Kg7 44. f4 Qd6 45. Rc7 Qxf4 46. Rc1 Rxb7 47. Rg1 Rb2 48. Qc3 Rd2 49. Qa5 Qxd4 50. Qa6 Qe4 51. Qa5 Re2 52. Qa1+ d4 53. Rd1 Qxg2# 0-1

[Event "FISU World University-ch 2020"]
[Site "Online"]
[Date "2020.10.26"]
[Round "3.10"]
[White "Hu, Yu A."]
[Black "Paradzik, Berislav"]
[Result "0-1"]
[WhiteElo "2094"]
[BlackElo "2185"]
[Annotator "NA"]
[PlyCount "72"]
[EventDate "2020.10.26"]
[SourceTitle "playchess.com"]
[Source "ChessBase"]
[SourceQuality "1"]

1. e4 c5 2. Nf3 g6 3. d4 cxd4 4. Nxd4 Bg7 5. Be3 Nc6 6. c4 Nh6 7. Nc3 O-O 8. Be2 f5 9. exf5 Bxd4 10. Bxh6 Rxf5 11. O-O Qb6 12. Nd5 Qxb2 13. Rb1 Qa3 14. Bd3 Rf7 15. Rb3 Qd6 16. Qg4 Bg7 17. Bf4 e5 18. Be3 Qf8 19. Qg3 d6 20. Rfb1 b6 21. Be4 Bf5 22. Nc3 Na5 23. Bxa8 Qxa8 24. Rd1 Nxc4 25. Rb4 Be6 26. Nb5 d5 27. Bc1 Qc6 28. h4 a6 29. Na3 Nd6 30. h5 gxh5 31. Qg5 Qc5 32. Qd8+ Bf8 33. Qxb6 Ne4 34. Qxc5 Bxc5 35. Rb8+ Kg7 36. Nc2 Nxf2 0-1

[Event "FISU World University-ch 2020"]
[Site "Online"]
[Date "2020.10.26"]
[Round "3.10"]
[White "Pang Bo"]
[Black "Purkic, Ruza"]
[Result "1-0"]
[WhiteElo "1429"]
[BlackElo "1483"]
[Annotator "NA RC"]
[PlyCount "31"]
[EventDate "2020.10.26"]
[SourceTitle "playchess.com"]
[Source "ChessBase"]
[SourceQuality "1"]

1. e4 c5 2. Nf3 g6 3. c3 d5 4. exd5 Qxd5 5. Na3 Nc6 6. d4 cxd4 7. Nb5 Qd8 8. Bf4 e5 9. Nxe5 Qe7 10. Qe2 a6 11. Nc7+ Kd8 12. Nxa8 Be6 13. O-O-O Nxe5 14. Qxe5 Nf6 15. Rxd4+ Bd7 16. Qb8# 1-0

[Event "FISU World University-ch 2020"]
[Site "Online"]
[Date "2020.10.26"]
[Round "3.11"]
[White "Cadilhac, Igor Tokuichi Kikuch"]
[Black "Marikova, Jana"]
[Result "1/2-1/2"]
[WhiteElo "2323"]
[BlackElo "2163"]
[Annotator "TA"]
[PlyCount "120"]
[EventDate "2020.10.26"]
[SourceTitle "playchess.com"]
[Source "ChessBase"]
[SourceQuality "1"]

1. e4 c5 2. Nf3 d6 3. d4 cxd4 4. Qxd4 Nf6 5. e5 Nc6 6. Bb5 Qa5+ 7. Nc3 dxe5 8. Bxc6+ bxc6 9. Nxe5 c5 10. Qc4 Be6 11. Qb5+ Qxb5 12. Nxb5 Kd8 13. Be3 Nd7 14. O-O-O Kc8 15. Nd3 Bc4 16. Nc3 e6 17. Ne4 Bd5 18. Ng5 f6 19. Nf7 Rg8 20. Nf4 Nb6 21. b3 c4 22. Bxb6 axb6 23. Nxd5 exd5 24. Rxd5 Rxa2 25. Kb1 cxb3 26. cxb3 Rxf2 27. Rc1+ Kb7 28. Rd7+ Ka6 29. Rc8 Rxg2 30. Rdd8 Rxh2 31. Rxf8 Rxf8 32. Rxf8 h5 33. Nd6 Ka5 34. Rb8 h4 35. Nc8 Kb4 36. Rxb6+ Kc3 37. Nd6 Rb2+ 38. Kc1 Re2 39. Kd1 Rg2 40. Ke1 h3 41. Kf1 Rb2 42. Ne4+ Kd4 43. Ng3 Ke3 44. Nf5+ Kf4 45. Nxg7 h2 46. Rxf6+ Kg5 47. Rf5+ Kg6 48. Rh5 Kxg7 49. b4 Kg6 50. Rh8 Kg5 51. b5 Kg4 52. b6 Kg3 53. Rg8+ Kf3 54. Rf8+ Ke3 55. Re8+ Kf3 56. Rf8+ Kg3 57. Rg8+ Kf3 58. Rf8+ Kg3 59. Rg8+ Kf3 60. Rf8+ Kg3 1/2-1/2

[Event "FISU World University-ch 2020"]
[Site "Online"]
[Date "2020.10.26"]
[Round "3.11"]
[White "Alboredo, Julia"]
[Black "Pulpan, Matej"]
[Result "0-1"]
[WhiteElo "2182"]
[BlackElo "2077"]
[Annotator "NA"]
[PlyCount "64"]
[EventDate "2020.10.26"]
[SourceTitle "playchess.com"]
[Source "ChessBase"]
[SourceQuality "1"]

1. e4 e6 2. d4 d5 3. Nc3 Bb4 4. e5 c5 5. a3 Bxc3+ 6. bxc3 Ne7 7. Qg4 Qc7 8. Bd3 Nbc6 9. Ne2 c4 10. Qxg7 Rg8 11. Qxh7 cxd3 12. cxd3 Bd7 13. O-O O-O-O 14. Qxf7 Rdf8 15. Qh5 Be8 16. Qh6 Qd7 17. Qd2 Nf5 18. a4 Bh5 19. Ng3 Nh4 20. f4 Qh7 21. Ba3 Rf7 22. c4 Rfg7 23. cxd5 exd5 24. Rf2 Rxg3 25. hxg3 Rxg3 26. Qa2 Nf3+ 27. Kf1 Qxd3+ 28. Re2 Nh2+ 29. Kg1 Bxe2 30. Kxh2 Rg8 31. g4 Rh8+ 32. Kg2 Qf3+ 0-1

[Event "FISU World University-ch 2020"]
[Site "Online"]
[Date "2020.10.26"]
[Round "3.11"]
[White "Vaculik, Jakub"]
[Black "Carstens Dobuchak, Thiago"]
[Result "1/2-1/2"]
[WhiteElo "2147"]
[BlackElo "2184"]
[Annotator "NA"]
[PlyCount "86"]
[EventDate "2020.10.26"]
[SourceTitle "playchess.com"]
[Source "ChessBase"]
[SourceQuality "1"]

1. c4 c5 2. Nc3 Nc6 3. g3 g6 4. Bg2 Bg7 5. d3 e5 6. a3 Nge7 7. Nf3 O-O 8. Rb1 d6 9. O-O h6 10. b4 f5 11. Nd5 Rb8 12. Nd2 b6 13. e3 Kh7 14. Bb2 Nxd5 15. Bxd5 Ne7 16. Bg2 Bb7 17. Bxb7 Rxb7 18. Qc2 Nc6 19. Bc3 f4 20. b5 Ne7 21. exf4 exf4 22. Bxg7 Kxg7 23. Qc3+ Kh7 24. Rbe1 Nf5 25. Nf3 Rbf7 26. g4 Nh4 27. Nxh4 Qxh4 28. f3 h5 29. gxh5 gxh5 30. Kh1 Rg8 31. Rg1 Qf2 32. Rxg8 Kxg8 33. Rg1+ Kh7 34. d4 cxd4 35. Qd3+ Kh8 36. Qe4 Rg7 37. Qe8+ Kh7 38. Qxh5+ Kg8 39. Qe8+ Kh7 40. Qe4+ Kh8 41. Qe8+ Kh7 42. Qh5+ Kg8 43. Qe8+ Kh7 1/2-1/2

[Event "FISU World University-ch 2020"]
[Site "Online"]
[Date "2020.10.26"]
[Round "3.11"]
[White "Otruba, Marek"]
[Black "Librelato, Kathie Goulart"]
[Result "0-1"]
[WhiteElo "2017"]
[BlackElo "2165"]
[Annotator "TA"]
[PlyCount "108"]
[EventDate "2020.10.26"]
[SourceTitle "playchess.com"]
[Source "ChessBase"]
[SourceQuality "1"]

1. e4 e5 2. Nf3 Nc6 3. d4 exd4 4. Nxd4 Nf6 5. Nc3 Bb4 6. Nxc6 bxc6 7. Bd3 d5 8. exd5 O-O 9. O-O cxd5 10. Qf3 c6 11. Bg5 Be7 12. h3 Rb8 13. b3 Be6 14. Ne2 c5 15. Rfd1 h6 16. Bf4 Rb6 17. c4 Qa8 18. Rac1 d4 19. Qxa8 Rxa8 20. Ng3 a5 21. Ne4 a4 22. Nxf6+ Bxf6 23. Bc7 Rb4 24. Bd6 Ra5 25. Ra1 Bd8 26. Bc2 Rb6 27. Be5 g5 28. f3 Ra7 29. Kf2 f6 30. Bg3 Kf7 31. Ke2 f5 32. Kd2 Bf6 33. Rab1 h5 34. Re1 h4 35. Bh2 axb3 36. axb3 Ra2 37. Ra1 Rxa1 38. Rxa1 Rb7 39. Ra5 Be7 40. Be5 Bd7 41. f4 g4 42. Ra6 Be6 43. Rc6 Ra7 44. Bd6 Bd7 45. Rc7 Rxc7 46. Bxc7 Ke6 47. Be5 Bd6 48. Bxf5+ Kxf5 49. hxg4+ Ke6 50. Bxd6 Kxd6 51. Kd3 Bxg4 52. b4 Bf5+ 53. Kd2 cxb4 54. Kc1 Kc5 0-1

[Event "FISU World University-ch 2020"]
[Site "Online"]
[Date "2020.10.26"]
[Round "3.12"]
[White "Petrosyan, Manuel"]
[Black "Voloshynskyi, Liubomyr"]
[Result "1-0"]
[WhiteElo "2628"]
[BlackElo "2118"]
[Annotator "TA"]
[PlyCount "61"]
[EventDate "2020.10.26"]
[SourceTitle "playchess.com"]
[Source "ChessBase"]
[SourceQuality "1"]

1. c4 e5 2. Nc3 Nc6 3. Nf3 g6 4. e3 Bg7 5. d4 exd4 6. exd4 d6 7. Be2 Nge7 8. d5 Ne5 9. Nxe5 Bxe5 10. h4 h5 11. Bg5 Bf5 12. O-O Qd7 13. Re1 O-O 14. Qd2 Rae8 15. Bd1 Bg7 16. Ba4 c6 17. Rad1 Nc8 18. Rxe8 Rxe8 19. dxc6 bxc6 20. c5 Re6 21. Qc1 Kh8 22. Bf4 Bf8 23. cxd6 Nxd6 24. Bb3 Re8 25. Qd2 Rd8 26. Be5+ Kh7 27. Qg5 Be7 28. Bf6 Bxf6 29. Qxf6 Qc7 30. Re1 Qd7 31. Re7 1-0

[Event "FISU World University-ch 2020"]
[Site "Online"]
[Date "2020.10.26"]
[Round "3.12"]
[White "Harutyunian, Tigran K."]
[Black "Stasiuk, Vitaly"]
[Result "1-0"]
[WhiteElo "2549"]
[BlackElo "1855"]
[Annotator "TA"]
[PlyCount "77"]
[EventDate "2020.10.26"]
[SourceTitle "playchess.com"]
[Source "ChessBase"]
[SourceQuality "1"]

1. c4 Nf6 2. Nc3 g6 3. Nf3 Bg7 4. g3 O-O 5. Bg2 c6 6. e4 d6 7. O-O c5 8. d4 cxd4 9. Nxd4 Nc6 10. Nde2 a6 11. h3 Qc7 12. Be3 Be6 13. b3 Ne8 14. Rc1 f5 15. Nd5 Qd8 16. Nef4 Bxd5 17. exd5 Ne5 18. Ne6 Qd7 19. Nxf8 Kxf8 20. Re1 Nf6 21. c5 Rc8 22. cxd6 exd6 23. Rxc8+ Qxc8 24. Bd4 Ned7 25. Qc1 Qd8 26. Re6 Ne8 27. Bxg7+ Kxg7 28. Qc3+ Ndf6 29. g4 fxg4 30. hxg4 g5 31. Qe3 Nc7 32. Qxg5+ Kf7 33. Re3 Qg8 34. Qxg8+ Kxg8 35. Re7 Ncxd5 36. Bxd5+ Nxd5 37. Rxb7 Nc3 38. a4 d5 39. Kf1 1-0

[Event "FISU World University-ch 2020"]
[Site "Online"]
[Date "2020.10.26"]
[Round "3.12"]
[White "Dzurak, Vitalii"]
[Black "Sargsyan, Shant"]
[Result "0-1"]
[WhiteElo "1894"]
[BlackElo "2596"]
[Annotator "TA"]
[PlyCount "96"]
[EventDate "2020.10.26"]
[SourceTitle "playchess.com"]
[Source "ChessBase"]
[SourceQuality "1"]

1. d4 Nf6 2. c4 e6 3. Nc3 Bb4 4. Qc2 d5 5. cxd5 exd5 6. Nf3 O-O 7. Bg5 h6 8. Bh4 Be6 9. e3 Nbd7 10. Bd3 Rc8 11. O-O c5 12. a3 Bxc3 13. Qxc3 c4 14. Bc2 Qb6 15. Bxf6 Nxf6 16. Ne5 Qd6 17. f3 b5 18. b4 Rfe8 19. a4 a5 20. Rfb1 axb4 21. Qxb4 Qxb4 22. Rxb4 bxa4 23. Raxa4 Rb8 24. Kf2 Kf8 25. Ke2 Rxb4 26. Rxb4 Ra8 27. Kd2 g5 28. e4 Ra3 29. exd5 c3+ 30. Kd1 Nxd5 31. Nc4 Ra8 32. Rb7 Rd8 33. Be4 Nf6 34. Nb6 Nxe4 35. fxe4 Rxd4+ 36. Kc2 Rxe4 37. Kxc3 Re2 38. h4 gxh4 39. Nd7+ Kg7 40. Nc5 Bf5 41. Rb4 Rc2+ 42. Kd4 Rxg2 43. Ke5 Bg4 44. Nd3 h3 45. Nf4 Ra2 46. Rb1 h2 47. Ke4 Ra3 48. Nd3 Rxd3 0-1

[Event "FISU World University-ch 2020"]
[Site "Online"]
[Date "2020.10.26"]
[Round "3.12"]
[White "Sydoryak, Vira"]
[Black "Sargsyan, Anna M."]
[Result "0-1"]
[WhiteElo "1791"]
[BlackElo "2402"]
[Annotator "NA RC"]
[PlyCount "118"]
[EventDate "2020.10.26"]
[SourceTitle "playchess.com"]
[Source "ChessBase"]
[SourceQuality "1"]

1. e4 c6 2. d4 d5 3. e5 Bf5 4. Nf3 e6 5. Bd3 Bxd3 6. Qxd3 c5 7. c4 Nc6 8. cxd5 Qxd5 9. Nc3 Qd7 10. O-O cxd4 11. Rd1 Rd8 12. Nb5 Bc5 13. Bg5 f6 14. exf6 gxf6 15. Bh4 a6 16. Na3 Kf7 17. Rac1 Qd5 18. Nb1 Nge7 19. Nbd2 Nb4 20. Qb3 Qxb3 21. Nxb3 Bb6 22. Nbxd4 Nxa2 23. Ra1 Nb4 24. Ne2 Rxd1+ 25. Rxd1 Ned5 26. Ng3 Rc8 27. Ne4 Rc2 28. Nd6+ Ke7 29. Bg3 Bxf2+ 30. Bxf2 Kxd6 31. Bd4 e5 32. Bc3 Ke7 33. Bxb4+ Nxb4 34. b3 Rc3 35. Nd2 Rd3 36. Kf2 Nd5 37. Ke1 Ne3 38. Rc1 Nxg2+ 39. Kd1 b5 40. Rc7+ Rd7 41. Rc6 Rd6 42. Rc7+ Ke6 43. Rxh7 e4 44. Ke2 f5 45. h4 Ke5 46. h5 Nf4+ 47. Ke1 Kd4 48. h6 Kd3 49. Nf1 Rc6 50. Rd7+ Kc3 51. h7 Rh6 52. Ng3 e3 53. Nf1 Rh1 54. h8=Q+ Rxh8 55. Nxe3 Re8 56. Kf2 Nd3+ 57. Ke2 Nc5 58. Rc7 Kd4 59. Kf2 Rxe3 0-1